| 000 | 00521nam a2200181 i 4500 | ||
|---|---|---|---|
| 001 | 64443 | ||
| 003 | ES-MaACL | ||
| 005 | 20250524063046.0 | ||
| 007 | t| | ||
| 008 | 031224s1968 sp ||||1| cat d | ||
| 100 | 1 |
_aFolch i Camarasa, Ramon, _d1926- _951450 |
|
| 245 | 1 | 0 |
_aBon dia, pare / _cRamón Folch i Camarasa. |
| 250 | _a[1ª ed.]. | ||
| 260 |
_a[Barcelona] : _bLes Edicions de la Rosa Vera, _c[1968] |
||
| 300 |
_a228 p. ; _c21 cm. |
||
| 852 |
_aES-MaACL _jC-50411 _bR.68214 |
||
| 999 |
_c64443 _d64443 |
||